CS:GO/CS2 FaZe Clan players - Statistics

General Stats
  • This quiz has been taken 294 times
    47 since last reset
  • The average score is 17 of 27
Answer Stats
Year Joined Year Left Country Player % Correct
2016 2025 Norway rain
94%
2025 2025 Ukraine (loan) s1mple
94%
2016, 2021 2019, active Denmark karrigan
91%
2023 active Slovakia frozen
88%
2022 2025 Estonia ropz
88%
2019 active Latvia broky
85%
2025 active Poland jcobbb
85%
2017 2020 Bosnia & Herzegovina NiKo
85%
2017 inactive Sweden olofmeister
85%
2025 2025 United States EliGE
82%
2017 2018 Slovakia GuardiaN
82%
2021, 2025 2023, active Canada Twistzz
82%
2019 2021 Brazil coldzera
76%
2022 2022 Australia (Stand-in) jks
76%
2019 2019 Poland (Trial) NEO
70%
2016 2017 Finland allu
67%
2016 2018 France kioShiMa
55%
2020 2020 Lithuania (Stand-in) Bymas
45%
2018 2018 Sweden (Stand-in) Xizt
42%
2019 2019 Kazakhstan (Stand-in) AdreN
39%
2020 2021 Denmark Kjaerbye
36%
2016 2016 Portugal fox
33%
2016 2016 Norway jkaem
30%
2016 2017 Denmark aizy
27%
2016 2016 Sweden Maikelele
27%
2018 2018 Norway (Stand-in) cromen
24%
2019 2020 Serbia (Coach, Stand-in) YNk
24%
No matching quizzes found
Score Distribution
Percent of People with Each Score
Percentile by Number Answered
Your Score History
You have not taken this quiz since the last reset